Kings of France, 987-1870 - Statistics

General Stats
  • This quiz has been taken 1,434 times
  • The average score is 23 of 40
Answer Stats
Hint Answer % Correct
1643-1715 Louis XIV
81%
1774-1792 Louis XVI
81%
1715-1774 Louis XV
80%
1610-1643 Louis XIII
76%
1804-1814, 1815 Napoleon I
75%
1814-1815, 1815-1824 Louis XVIII
73%
1852-1870 Napoleon III
73%
1793-1795 Louis XVII
71%
987-986 Hugh Capet
64%
1589-1610 Henry IV
63%
1498-1515 Louis XII
63%
1824-1830 Charles X
62%
1830-1848 Louis-Philippe
62%
1574-1589 Henry III
61%
1815 Napoleon II
61%
1461-1483 Louis XI
60%
1226-1270 Louis IX
59%
1515-1547 Francis I
57%
1547-1559 Henry II
57%
1223-1226 Louis VIII
56%
1380-1422 Charles VI
55%
1422-1461 Charles VII
55%
1314-1316 Louis X
55%
1483-1498 Charles VIII
54%
1559-1560 Francis II
54%
1137-1180 Louis VII
54%
1560-1574 Charles IX
53%
1364-1380 Charles V
53%
1108-1137 Louis VI
53%
1322-1328 Charles IV
49%
1285-1314 Philip IV
48%
1180-1223 Philip II
47%
1270-1285 Philip III
47%
1316 John I
46%
1350-1364 John II
46%
1060-1108 Philip I
44%
1316-1322 Philip V
44%
1328-1350 Philip VI
44%
1031-1060 Henry I
41%
986-1031 Robert II
40%
No matching quizzes found
Score Distribution
Percent of People with Each Score
Percentile by Number Answered
Your Score History
You have not taken this quiz